00266nam a22000857a 4500020002700000100001400027245010700041250001100148260002100159 a978-986-954-567-9c305 a林靜儀 a診間裡的女人: 婦產科女醫師從身體的難題帶妳找到人生的出口 b c林靜儀著  a初版 b鏡文學 c2018